000 00569nam a2200181Ia 4500
008 100920s9999 xx 000 0 und d
082 _b66706
_a51 थ 92
100 _aकोटक वजु.
245 _aप्रभात पुष्प.
260 _bप्रवीण प्रकाशन, राजकोट.
_c1992
300 _a271
_bसाधी
365 _b90
520 _aचरित्र.
630 _aप्रभात पुष्प.
650 _aचरित्र.
730 _aप्रभात पुष्प.
942 _cBOOK
999 _c709272
_d709269